10 największych miast w mazowieckim - Statystyki

Ogólne statystyki
  • Ten quiz został rozwiązany 186 razy
  • Średni wynik to 6 z 10
Statystyki odpowiedzi
Liczba ludności Miasto % Poprawnych
1 729 000 Warszawa
100%
217 834 Radom
88%
122 572 Płock
77%
59 796 Pruszków
64%
76 585 Siedlce
64%
54 246 Legionowo
56%
45 270 Piaseczno
50%
52 792 Ostrołęka
47%
45 073 Otwock
44%
44 673 Ciechanów
43%
Nie znaleziono quizów pasujących do podanych kryteriów
Rozkład punktacji
Procent ludzi z każdym wynikiem
Percentyl według liczby udzielonych odpowiedzi
Twoja historia wyników
Nie rozwiązałeś tego quizu